[Event "Cup Mitropa"]
[Site "masterchessopen.com – Steinbrunn (Austria)"]
[Date "2005.05.28"]
[Round "8"]
[White "Mrva Martin (SVK)"]
[Black "Abergel Thal (FRA)"]
[Result "1-0"]
[WhiteElo "2490"]
[BlackElo "2436"]

{ Abergel Thal (FRA) +3 =0 -0 } 1.e4 c5 2.Nf3 d6 3.d4 cxd4 4.Nxd4 Nf6 5.Nc3
Nc6 6.Be2 e5 7.Nf3 h6 8.O-O Be7 9.Re1 Be6 10.Bf1 { = } 10...Nb8 { +0.64 CAP }
( 10...O-O 11.Nd5 Bg4 12.h3 Bh5 13.g4 Bg6 14.Nxf6+ Bxf6 15.Bc4 Qc7 16.c3 Nd8
17.Bd5 Ne6 18.a4 a5 19.Be3 Rab8 20.Qe2 b6 21.Kg2 Rfc8 22.Rh1 Qd7 23.Qb5 Qe7
24.Qd3 Nc7 25.c4 Nxd5 26.cxd5 Qd7 27.Nd2 b5 28.b3 Bg5 29.Bxg5 hxg5 30.axb5 {
...1/2-1/2, Gelfand Boris 2680 - Karpov Anatoly 2780 , Cap d'Agde 1994 It } )
( 10...Rc8 11.Nd5 O-O 12.h3 Nb8 13.c4 Nbd7 14.b3 Nc5 15.Nxe7+ Qxe7 16.Nd2 Bd7
17.b4 Ne6 { 1/2-1/2, Abramovic Bosko 2480 - Tal Mikhail 2650 , Tallinn 1983
Memorial P.Keres } ) 11.g3 { N } ( 11.b3 O-O 12.Bb2 Nbd7 13.Nd2 a6 14.a4 Qc7
15.Nc4 Qc6 16.Ne3 Rfe8 17.Qf3 Bd8 18.Red1 Bb6 { 1/2-1/2, Zelcic Robert 2500 -
Lalic Bogdan 2590 , Slavonski Brod 1995 Ch Croatia } ) ( 11.Nh4 O-O 12.Nf5
Bxf5 13.exf5 Nc6 14.Nd5 Nxd5 15.Qxd5 Qd7 16.Qe4 d5 17.Qg4 Kh7 18.Qh5 e4 19.Bf4
Bf6 20.Rad1 Rfe8 21.c3 Rad8 22.Bc4 Ne7 23.g4 Kg8 24.Bb3 Qc6 25.Re3 Nc8 26.Rh3
Be5 27.Be3 Kf8 28.g5 hxg5 29.Bxg5 Bf6 30.Be3 Rd7 { ...1/2-1/2, Zvara Petr 2295
- Goloshchapov Alexander 2380 , Ceske Budejovice 1995 It (open) } ) ( 11.Nb1
Nbd7 12.c4 Rc8 { 1/2-1/2, Ilic Mihajlo 2193 - Peckov K, Struga 2002 It (open)
} ) ( 11.Bb5+ Nbd7 12.Nd5 Bxd5 13.exd5 O-O 14.c4 Nb6 15.Nd2 Rc8 16.Qb3 Qc7
17.Rd1 a6 18.Ba4 Nxc4 19.Nxc4 Qxc4 20.Qxb7 Qxa4 21.Bxh6 Qd7 22.Qxd7 Nxd7
23.Be3 Rc2 24.b3 Rfc8 25.h3 Bd8 26.Kf1 Bb6 27.Re1 Bxe3 28.fxe3 Rb2 29.Rec1
Rcc2 30.Rxc2 Rxc2 { ...0-1, Gurbanzade Erkin - Dasari Saisrinivas, Oropesa
2000 Ch World (juniors) (under 10) } ) 11...Nbd7 12.Nh4 Nb6 13.Nf5 O-O 14.a4
a6 15.a5 Bxf5 { ?! } ( 15...Nc4 { !? } 16.Nd5 Nxd5 { } ) 16.exf5 Nbd7 17.Bg2
Qc8 18.g4 Rb8 19.f4 Nh7 20.Nd5 Bd8 21.g5 Kh8 { ?! } ( 21...hxg5 { !? } 22.fxg5
Nxg5 23.Qg4 f6 { } ) 22.Ra3 exf4 { ?! } ( 22...Qc4 { !? } 23.gxh6 Rg8 24.Re4
Qc6 { } ) 23.gxh6 Ne5 24.hxg7+ Kxg7 25.Bxf4 f6 26.Rh3 Rf7 27.Qh5 Kf8 28.Rg3 {
} {#r} 1-0

[Event "Tournament (juniors) (under 16) (g)"]
[Site "masterchessopen.com – Ermionh Argolidas (Greece)"]
[Date "2005.06.29"]
[Round "6"]
[White "Paganoglou Anastasia (GRE)"]
[Black "Polizou Dionisia (GRE)"]
[Result "1-0"]
[WhiteElo "1951"]
[BlackElo "1878"]

1.e4 c5 2.Nf3 Nc6 3.d4 cxd4 4.Nxd4 Nf6 5.Nc3 d6 6.Be2 e5 7.Nf3 Be7 8.O-O O-O
9.Re1 h6 10.h3 Be6 11.Bf1 a6 12.a4 a5 13.Nd5 Rc8 14.Be3 Bxd5 15.exd5 Nb4 16.c4
Nd7 17.Nd2 Nc5 18.Bxc5 Rxc5 19.Ne4 Rc8 20.Ra3 f5 21.Nd2 Bf6 22.Rg3 Bh4 23.Rg6
Rf6 24.Qh5 Qe8 25.Rxg7+ Kxg7 26.Qxh4 Qxa4 27.Re3 Qd7 28.Be2 Qd8 29.Rg3+ Kh7
30.Bh5 Qf8 31.Nf3 Qh8 32.Ng5+ hxg5 33.Rxg5 Rg8 34.Bg6+ Kg7 35.Bh7+ Kf8
36.Rxg8+ {#r} 1-0

[Event "It (open) (a)"]
[Site "masterchessopen.com – Pardubice (Czech Republic)"]
[Date "2005.07.22"]
[Round "1"]
[White "Fruebing Stefan (GER)"]
[Black "Bakre Tejas (IND)"]
[Result "0-1"]
[WhiteElo "2233"]
[BlackElo "2484"]

1.e4 c5 2.Nf3 d6 3.d4 cxd4 4.Nxd4 Nf6 5.Nc3 Nc6 6.Be2 e5 7.Nf3 h6 8.O-O Be7
9.Re1 O-O 10.h3 Be6 11.Bf1 Nb8 12.Nh2 Nbd7 13.Ng4 Nxg4 14.hxg4 Nb6 15.Nd5 Bxd5
16.exd5 Bg5 17.c4 Nd7 18.b3 Bxc1 19.Rxc1 a5 20.Re3 Qg5 21.Be2 g6 22.a3 b6
23.Rcc3 Ra7 24.Qc1 Kg7 25.Rg3 Qxc1+ 26.Rxc1 Rc8 27.Rb1 Nc5 28.f3 a4 29.b4 Nb3
30.Bd3 Nd2 31.Rc1 Rac7 32.c5 bxc5 33.Ba6 cxb4 {#R} 0-1

[Event "It (open) (a)"]
[Site "masterchessopen.com – Pardubice (Czech Republic)"]
[Date "2005.07.27"]
[Round "6"]
[White "Cabezas Ayala Ivan (ESP)"]
[Black "Czarnota Pawel (POL)"]
[Result "0-1"]
[WhiteElo "2345"]
[BlackElo "2479"]

1.e4 c5 2.Nf3 d6 3.d4 cxd4 4.Nxd4 Nf6 5.Nc3 Nc6 6.Be2 e5 7.Nf3 h6 8.O-O Be7
9.Re1 O-O 10.Bf1 Bg4 11.h3 Bh5 12.Be2 Bg6 13.Bc4 Na5 14.Bf1 Rc8 15.Nh2 Rxc3
16.bxc3 Nxe4 17.Ng4 h5 18.Ne3 Nxc3 19.Qd2 Ne4 20.Qd1 Nf6 21.Ba3 Nc6 22.Bd3 e4
23.Bc4 d5 24.Bxe7 Nxe7 25.Bb3 d4 26.Nf1 Nc6 27.Qd2 Nd7 28.Ng3 Nc5 29.Rad1 Qh4
30.Bd5 e3 31.Qe2 Nb4 32.Qc4 Nxd5 33.Qxd5 Ne4 34.Kh2 Rd8 {#R} 0-1

[Event "Ch Asia"]
[Site "masterchessopen.com – Hyderabad (India)"]
[Date "2005.10.06"]
[Round "1"]
[White "Barua Dibyendu (IND)"]
[Black "Sai Srinivas (IND)"]
[Result "1-0"]
[WhiteElo "2475"]
[BlackElo "2304"]

1.e4 c5 2.Nf3 d6 3.d4 cxd4 4.Nxd4 Nf6 5.Nc3 Nc6 6.Be2 e5 7.Nf3 h6 8.O-O Be7
9.h3 O-O 10.Re1 Be6 11.Bf1 Nb8 12.a4 Nbd7 13.a5 a6 14.Nd5 Nxd5 15.exd5 Bf5
16.c4 Bg6 17.b4 f5 18.Nd2 Bf6 19.Nb3 f4 20.Ra2 Re8 21.c5 Qc7 22.Bd3 Bf7 23.Rc2
e4 24.Nd4 dxc5 25.Ne6 Bxe6 26.dxe6 Ne5 27.Rxc5 Qd8 28.Rd5 Qe7 29.Rc5 Qd8
30.Qb3 Qd4 31.Rd5 Qa7 32.Rxe4 Nc6 33.Rd7 Ne5 34.Bb2 {#r} 1-0

[Event "Landesliga (2nd) East 2005/06"]
[Site "masterchessopen.com – Mecklenburg-Vorpommern (Germany)"]
[Date "2005.10.23"]
[Round "1"]
[White "Kilp Andreas"]
[Black "Czuchnicki Jan (POL)"]
[Result "0-1"]
[WhiteElo "1489"]
[BlackElo "2012"]

1.e4 c5 2.Nf3 Nc6 3.d4 cxd4 4.Nxd4 Nf6 5.Nc3 d6 6.Be2 e5 7.Nf3 h6 8.O-O Be7
9.Re1 O-O 10.h3 a6 11.Be3 b5 12.a3 Be6 13.Qd2 Na5 14.Rad1 Rc8 15.Qc1 Qc7
16.Bd3 Nc4 17.Re2 Nxb2 18.Nxb5 Nxd3 19.Nxc7 Nxc1 20.Rxc1 Rxc7 {#R} 0-1

[Event "Ch Belgium (team) 2005/06"]
[Site "masterchessopen.com – Belgium"]
[Date "2005.11.06"]
[Round "3"]
[White "Froeyman Helmut (BEL)"]
[Black "Goloshchapov Alexander (UKR)"]
[Result "0-1"]
[WhiteElo "2314"]
[BlackElo "2523"]

1.e4 c5 2.Nf3 Nc6 3.d4 cxd4 4.Nxd4 Nf6 5.Nc3 d6 6.Be2 e5 7.Nf3 h6 8.O-O Be7
9.Re1 O-O 10.h3 a6 11.a3 b5 12.b4 Bb7 13.Bb2 Re8 14.Bf1 Qb6 15.Qd3 Bf8 16.Rac1
Rad8 17.Nb1 d5 18.exd5 e4 19.Qb3 Nxb4 20.Nd4 Nbxd5 21.Nf5 Bc8 22.g4 Bxf5
23.gxf5 Bc5 24.Qg3 e3 25.Kh1 exf2 26.Re2 Rxe2 27.Bxe2 Re8 28.Bf3 Bd6 29.Qh4
Qe3 {#R} 0-1

[Event "Turkish Is Bank League"]
[Site "masterchessopen.com – Marmaris (Turkey)"]
[Date "2006.04.18"]
[Round "0"]
[White "Keler Faruk (TUR)"]
[Black "Secer Ata (TUR)"]
[Result "1-0"]
[WhiteElo "2203"]
[BlackElo "2269"]

1.e4 c5 2.Nf3 Nc6 3.d4 cxd4 4.Nxd4 Nf6 5.Nc3 d6 6.Be2 e5 7.Nf3 h6 8.h3 Be7
9.O-O O-O 10.Re1 Be6 11.Bf1 Nb8 12.Nd5 Nxd5 13.exd5 Bf5 14.c4 Nd7 15.Be3 a5
16.b3 Qc8 17.a3 Bd8 18.b4 axb4 19.axb4 Rxa1 20.Qxa1 Bb6 21.c5 dxc5 22.Nxe5 Nf6
23.Nc4 Bc7 24.Bxc5 Nxd5 25.Bxf8 Qxf8 26.b5 Nb6 27.Qa3 Nxc4 28.Qxf8+ Kxf8
29.Bxc4 Bd6 30.Rd1 Ke7 31.Bxf7 {#r} 1-0

[Event "It (open)"]
[Site "masterchessopen.com – Predeal (Romania)"]
[Date "2006.08.12"]
[Round "1"]
[White "Ionica Iulia-Ionela (ROM)"]
[Black "Raceanu Valentin (ROM)"]
[Result "0-1"]
[WhiteElo "2231"]
[BlackElo "2398"]

1.e4 c5 2.Nf3 Nc6 3.d4 cxd4 4.Nxd4 Nf6 5.Nc3 d6 6.Be2 e5 7.Nf3 h6 8.O-O Be7
9.Re1 O-O 10.h3 Be6 11.Bf1 Nb8 12.a4 Nbd7 13.a5 a6 14.Nd5 Nxd5 15.exd5 Bf5
16.c4 Bh7 17.b4 e4 18.Nd2 Bf6 19.Ra3 Re8 20.Nb3 Ne5 21.Be3 Nd3 22.Bxd3 exd3
23.Qd2 Rc8 24.Nc1 Rxc4 25.Nxd3 Qc8 26.Rd1 Rc2 27.Qe1 Bd4 28.Nf4 Bb2 29.Rb3 Qc4
30.Rxb2 Rxb2 31.Nh5 Qxb4 32.Qf1 Rb1 {#R} 0-1

[Event "Ch Slovenia (team) (youth)"]
[Site "masterchessopen.com – Otocec (Slovenia)"]
[Date "2006.08.28"]
[Round "8"]
[White "Petrovic Nejc (SLO)"]
[Black "Kokol Peter (SLO)"]
[Result "0-1"]
[WhiteElo "1913"]
[BlackElo "2183"]

1.e4 c5 2.Nf3 Nc6 3.d4 cxd4 4.Nxd4 Nf6 5.Nc3 d6 6.Be2 e5 7.Nf3 h6 8.Be3 Ng4
9.Qd2 Be6 10.h3 Nxe3 11.Qxe3 Be7 12.O-O O-O 13.Nd5 Bxd5 14.exd5 Nb8 15.Bc4 a6
16.Bb3 Nd7 17.Nd2 f5 18.a4 b6 19.Nc4 Kh8 20.Ra3 Nc5 21.a5 b5 22.Nb6 Ra7 23.c3
f4 24.Qd2 f3 25.Bc2 Bg5 26.Qd1 fxg2 27.Kxg2 Raf7 28.b4 Bh4 29.bxc5 Rxf2+
30.Rxf2 Rxf2+ 31.Kh1 Qf6 32.Qg4 Rf1+ {#R} 0-1

[Event "It (open)"]
[Site "masterchessopen.com – Ceska Trebova (Czech Republic)"]
[Date "2006.08.29"]
[Round "5"]
[White "Vaculik Martin (CZE)"]
[Black "Plachetka Jan (SVK)"]
[Result "0-1"]
[WhiteElo "2269"]
[BlackElo "2402"]

1.e4 c5 2.Nf3 d6 3.d4 cxd4 4.Nxd4 Nf6 5.Nc3 Nc6 6.Be2 e5 7.Nf3 h6 8.O-O Be7
9.Re1 O-O 10.h3 Be6 11.Bf1 Rc8 12.b3 Nb8 13.Bb2 a6 14.a4 Qa5 15.Qd2 Rc5 16.Re3
Rfc8 17.b4 Qxb4 18.Ba3 Qa5 19.Bxc5 Qxc5 20.Rb1 Qc6 21.g3 Nbd7 22.Bg2 Bd8
23.Qd1 Bb6 24.Rd3 Qc5 25.Kh2 Qxf2 26.Nh4 Ba5 27.Rf3 Qc5 28.Nd5 Nxd5 29.exd5
Bxd5 30.Rd3 Bxg2 31.Nxg2 e4 32.Rxd6 Ne5 33.Rd5 Nf3+ 34.Kh1 Qf2 {#R} 0-1

[Event "Ch Netherlands (team) 2006/07"]
[Site "masterchessopen.com – Netherlands"]
[Date "2006.09.23"]
[Round "1"]
[White "Rothuis Vincent (NED)"]
[Black "Blokhuis Jeroen (NED)"]
[Result "1-0"]
[WhiteElo "2413"]
[BlackElo "2375"]

1.e4 c5 2.Nf3 Nc6 3.d4 cxd4 4.Nxd4 Nf6 5.Nc3 d6 6.Be2 e5 7.Nf3 h6 8.O-O Be6
9.Re1 Be7 10.Bf1 Nb8 11.h3 Nbd7 12.a4 a6 13.a5 Qc8 14.Nd5 Nxd5 15.exd5 Bf5
16.c4 O-O 17.b4 Bg6 18.Ba3 e4 19.Nd2 f5 20.c5 Ne5 21.Rc1 Qd7 22.c6 Qc7 23.Nb3
b6 24.Nd4 Rfc8 25.b5 bxa5 26.Ne6 Qb6 27.bxa6 Bh4 28.Bc5 dxc5 29.Rb1 e3 30.Rxe3
Bxf2+ 31.Kxf2 Qxb1 32.Qxb1 f4 33.Qb2 fxe3+ 34.Kxe3 {#r} 1-0

[Event "Ch World (juniors) (under 14) (g)"]
[Site "masterchessopen.com – Batumi (Georgia)"]
[Date "2006.10.25"]
[Round "7"]
[White "Hejazipour Mitra (IRI)"]
[Black "Tsatsalashvili Keti (GEO)"]
[Result "0-1"]
[WhiteElo "1902"]
[BlackElo "2082"]

1.e4 c5 2.Nf3 d6 3.d4 cxd4 4.Nxd4 Nf6 5.Nc3 Nc6 6.Be2 e5 7.Nf3 h6 8.O-O Be7
9.Re1 O-O 10.h3 Be6 11.Bf1 Qd7 12.Nd5 Bd8 13.c4 Nh7 14.b3 Ba5 15.Bd2 Bxd2
16.Qxd2 f5 17.exf5 Rxf5 18.Be2 Raf8 19.Nc3 Rf4 20.Nd5 Rxf3 21.Bxf3 Rxf3
22.gxf3 Nd4 23.Re3 Ng5 24.Qd1 Bxd5 25.f4 Ngf3+ 26.Kg2 Bc6 27.fxe5 dxe5 28.Qc1
Qf5 29.Rc3 Qg6+ 30.Kh1 Nh4+ 31.f3 Qg2# 0-1

[Event "Memorial N.Aratovsky (open)"]
[Site "masterchessopen.com – Saratov (Russia)"]
[Date "2006.11.27"]
[Round "1"]
[White "Kolomensky Vladimir (RUS)"]
[Black "Iskusnyh Sergei (RUS)"]
[Result "1-0"]
[WhiteElo "2224"]
[BlackElo "2520"]

1.e4 c5 2.Nf3 d6 3.d4 cxd4 4.Nxd4 Nf6 5.Nc3 Nc6 6.Be2 e5 7.Nf3 h6 8.O-O Be7
9.Re1 O-O 10.h3 a6 11.Bf1 Qc7 12.b3 Be6 13.Nd5 Bxd5 14.exd5 Nb4 15.c4 a5 16.a3
Na6 17.Rb1 Nc5 18.b4 axb4 19.axb4 Na4 20.Qb3 b5 21.c5 dxc5 22.Bxb5 Nb6 23.Nxe5
Nbxd5 24.Bc4 Rad8 25.b5 Bd6 26.Bb2 Nb6 27.Nc6 Rde8 28.Bxf6 gxf6 29.Qd3 Rxe1+
30.Rxe1 Qd7 31.Qg6+ Kh8 32.Qxf6+ Kg8 33.Qg6+ {#r} 1-0

[Event "Ch India"]
[Site "masterchessopen.com – Atul (India)"]
[Date "2006.12.23"]
[Round "7"]
[White "Barua Dibyendu (IND)"]
[Black "Ravi Lanka (IND)"]
[Result "1-0"]
[WhiteElo "2471"]
[BlackElo "2408"]

1.e4 c5 2.Nf3 d6 3.d4 cxd4 4.Nxd4 Nf6 5.Nc3 Nc6 6.Be2 e5 7.Nf3 h6 8.O-O Be7
9.Re1 O-O 10.Bf1 a6 11.Nd5 Nxd5 12.exd5 Nb8 13.a4 a5 14.Nd2 Na6 15.Nc4 Bf5
16.c3 Bg5 17.Bxg5 hxg5 18.Qb3 Nc5 19.Qb6 Ra6 20.Qxd8 Rxd8 21.b4 axb4 22.cxb4
Nd3 23.Red1 Nxb4 24.Ne3 Bg6 25.Bxa6 bxa6 26.a5 Kf8 27.Rac1 Bd3 28.Rc7 Bb5
29.Rb7 g6 30.Rc1 Rd7 31.Rxd7 Bxd7 32.Rb1 Nd3 33.Rb6 Nc5 34.Nc4 Ke7 {#r} 1-0

[Event "Memorial T.Petrosian (open)"]
[Site "masterchessopen.com – Moscow (Russia)"]
[Round "9"]
[White "Nguyen Viet Tuong (VIE)"]
[Black "Markosian Sarkis (RUS)"]
[Result "1-0"]
[WhiteElo "2301"]
[BlackElo "2073"]

1.e4 c5 2.Nf3 d6 3.d4 cxd4 4.Nxd4 Nf6 5.Nc3 Nc6 6.Be2 e5 7.Nf3 h6 8.O-O Be7
9.Re1 Be6 10.Bf1 Rc8 11.Nd5 Bxd5 12.exd5 Nb4 13.c4 O-O 14.Qb3 a5 15.Bd2 b5
16.a3 Qc7 17.axb4 bxc4 18.Qc2 axb4 19.Bxb4 Nxd5 20.Bc3 Nb6 21.Ba5 Bf6 22.Qd2
Rb8 23.Bxb6 Rxb6 24.Ra4 Rc6 25.Rc1 e4 26.Raxc4 Rxc4 27.Rxc4 Qb7 28.Nd4 Rb8
29.Nc6 Qxb2 30.Rc2 Qb6 31.Nxb8 {#r} 1-0

[Event "Memorial T.Petrosian (open)"]
[Site "masterchessopen.com – Moscow (Russia)"]
[Round "3"]
[White "Zaryvkina Anastasia (RUS)"]
[Black "Charochkina Daria (RUS)"]
[Result "0-1"]
[WhiteElo "1944"]
[BlackElo "2403"]

1.e4 c5 2.Nf3 d6 3.d4 cxd4 4.Nxd4 Nf6 5.Nc3 Nc6 6.Be2 e5 7.Nf3 h6 8.h3 Be7
9.Be3 O-O 10.Qd2 a6 11.O-O-O b5 12.a3 b4 13.axb4 Nxb4 14.g4 Qa5 15.Kb1 Nxe4
16.Qe1 Bb7 17.Bc4 Nxc3+ 18.Qxc3 Bxf3 19.g5 Bxd1 20.Rxd1 d5 21.Rxd5 Qc7 22.Rxe5
Rac8 23.b3 Nc6 24.Rf5 Bb4 25.Qb2 Ne7 26.Rf3 hxg5 27.Bxg5 Ng6 28.Rg3 Kh7 29.Qd4
Qe5 30.Qg4 Ba3 31.Bc1 Bxc1 32.Kxc1 Qa1+ 33.Kd2 Rxc4 34.Qxc4 Rd8+ 35.Ke2 {#R}
0-1

[Event "Czech League 2006/07 (2nd) (d)"]
[Site "masterchessopen.com – Czech Republic"]
[Date "2007.02.25"]
[Round "8"]
[White "Skrenek Jiri (CZE)"]
[Black "Vecera Pavel (CZE)"]
[Result "0-1"]
[WhiteElo "2092"]
[BlackElo "2159"]

1.e4 c5 2.Nf3 d6 3.d4 cxd4 4.Nxd4 Nf6 5.Nc3 Nc6 6.Be2 e5 7.Nf3 h6 8.Be3 Be7
9.O-O O-O 10.Nd2 d5 11.Nxd5 Nxd5 12.exd5 Qxd5 13.c4 Qa5 14.a3 Bf5 15.b4 Qc7
16.Bg4 Bd3 17.Re1 Rad8 18.Be2 e4 19.Bxd3 Rxd3 20.Qe2 f5 21.f3 Nd4 22.Bxd4 Rxd4
23.fxe4 Bg5 24.Nf3 Rxe4 25.Qf2 Qxc4 26.Nxg5 hxg5 27.Qxa7 Rfe8 28.Rec1 Qd3
29.Rd1 Qc3 30.Qf2 f4 31.Qd2 Qxd2 32.Rxd2 R8e5 33.Kf2 g4 34.Raa2 b5 35.Rd7 Re3
36.Rd4 {#R} 0-1

[Event "It (open)"]
[Site "masterchessopen.com – Gerlingen (Germany)"]
[Date "2007.05.20"]
[Round "7"]
[White "Von Wantoch-Rekowski Danijela (SRB)"]
[Black "Lobzhanidze Davit (GEO)"]
[Result "0-1"]
[WhiteElo "2242"]
[BlackElo "2489"]

1.e4 c5 2.Nf3 d6 3.d4 cxd4 4.Nxd4 Nf6 5.Nc3 Nc6 6.Be2 e5 7.Nf3 Be7 8.O-O h6
9.b3 O-O 10.Bb2 Be6 11.Re1 a6 12.a4 Qd7 13.Bf1 Bd8 14.Na2 Ba5 15.c3 Rfd8 16.h3
d5 17.exd5 Nxd5 18.Nxe5 Nxe5 19.Rxe5 Bc7 20.Re4 Qd6 21.g3 Bb6 22.Qf3 Nf6
23.Rxe6 Qxe6 24.Bc1 Ne4 25.Bc4 Qg6 26.Bf4 Bxf2+ 27.Qxf2 Nxf2 28.Kxf2 Qc2+
29.Kf3 g5 30.Be3 b5 {#R} 0-1

[Event "Memorial V.Nabokov (cat.4)"]
[Site "masterchessopen.com – Kiev (Ukraine)"]
[Date "2007.06.04"]
[Round "2"]
[White "Solomaha Andrey (UKR)"]
[Black "Baryshpolets Andrey (UKR)"]
[Result "1-0"]
[WhiteElo "2286"]
[BlackElo "2399"]

1.e4 c5 2.Nf3 Nc6 3.d4 cxd4 4.Nxd4 Nf6 5.Nc3 d6 6.Be2 e5 7.Nf3 h6 8.O-O Be7
9.h3 O-O 10.Re1 Be6 11.Bf1 Nb8 12.a4 Nbd7 13.a5 a6 14.Nd5 Nxd5 15.exd5 Bf5
16.c4 Bh7 17.b4 e4 18.Nd4 Ne5 19.Be3 Rc8 20.Rc1 Bf6 21.Nb3 Nd3 22.Bxd3 exd3
23.Qg4 Bb2 24.Bd4 Bxd4 25.Qxd4 Re8 26.c5 Kf8 27.Re3 Qg5 28.Rce1 Red8 29.cxd6
Rxd6 30.Qc5 Qd8 31.Re8+ {#r} 1-0

[Event "Zt (w)"]
[Site "masterchessopen.com – Santo-Domingo (Dominicana)"]
[Date "2007.06.04"]
[Round "6"]
[White "Mateus Martha (COL)"]
[Black "Zepeda Sonia (ESA)"]
[Result "1-0"]
[WhiteElo "2163"]
[BlackElo "2045"]

1.e4 c5 2.Nf3 Nc6 3.d4 cxd4 4.Nxd4 Nf6 5.Nc3 d6 6.Be2 e5 7.Nf3 h6 8.O-O Be7
9.Re1 Be6 10.h3 O-O 11.Bf1 Nb8 12.b3 a6 13.a4 Qc7 14.Bb2 b6 15.Nd2 Nbd7 16.Nc4
Nc5 17.Qf3 Qc6 18.Rad1 b5 19.axb5 axb5 20.Ne3 b4 21.Ncd5 Bxd5 22.exd5 Qd7
23.Nf5 Rfe8 24.Bc1 Ra2 25.Bxh6 g6 26.Nxe7+ Qxe7 27.Bg5 Kg7 28.Rd4 Rb8 29.Rh4
Ncd7 30.Bd3 Qe8 31.Bh6+ Kg8 32.Bd2 Qc8 33.Rxb4 {#r} 1-0

[Event "Memorial R.Nezhmetdinov (open)"]
[Site "masterchessopen.com – Kazan (Russia)"]
[Date "2007.06.07"]
[Round "7"]
[White "Magrifin Iljanur (RUS)"]
[Black "Poleshchuk Dmitriy (BLR)"]
[Result "0-1"]
[WhiteElo "2167"]
[BlackElo "2162"]

1.e4 c5 2.Nf3 d6 3.d4 cxd4 4.Nxd4 Nf6 5.Nc3 Nc6 6.Be2 e5 7.Nf3 h6 8.O-O Be7
9.h3 O-O 10.Bc4 Be6 11.Bxe6 fxe6 12.Qe2 a6 13.Rd1 b5 14.a4 b4 15.Na2 a5 16.Bd2
Qc7 17.c3 d5 18.exd5 exd5 19.cxb4 axb4 20.Rdc1 Qd6 21.b3 Rac8 22.Qa6 Ne4
23.Rc2 Nc5 24.Qb6 Nxb3 25.Rb1 Qg6 26.Rcb2 Bc5 27.Qb5 Nxd2 28.Qxc5 Nxf3+ 29.Kh1
Nfd4 30.Qxd5+ Kh8 31.Nxb4 Nxb4 32.Rxb4 Rxf2 33.Rb8 Rcf8 34.Qxe5 Nc6 {#R} 0-1

[Event "It (open) (b)"]
[Site "masterchessopen.com – Barlinek (Poland)"]
[Date "2007.06.10"]
[Round "9"]
[White "Zochowski Janusz (POL)"]
[Black "Wisniowska Klaudia (POL)"]
[Result "1-0"]
[WhiteElo "1968"]
[BlackElo "1851"]

1.e4 c5 2.Nf3 d6 3.d4 cxd4 4.Nxd4 Nf6 5.Nc3 Nc6 6.Be2 e5 7.Nf3 h6 8.O-O Be7
9.h3 Be6 10.Be3 O-O 11.Qd2 a5 12.Rfd1 a4 13.a3 Na5 14.Qe1 Qc7 15.Bd3 Nc4
16.Bc1 Qc6 17.Nd2 Rfc8 18.Nxc4 Bxc4 19.Be3 b5 20.f3 Rab8 21.Bd2 Bxd3 22.cxd3
d5 23.Rac1 Qb6+ 24.Kh2 dxe4 25.dxe4 b4 26.Nxa4 Qa6 27.Rxc8+ Rxc8 28.Bxb4 Bxb4
29.Qxb4 Qe2 30.Qd2 Qa6 31.Nc3 Rc6 32.Qd3 Qb7 33.Rd2 Nh5 34.Qb5 {#r} 1-0

[Event "It (open)"]
[Site "masterchessopen.com – Las Vegas (USA)"]
[Date "2007.06.10"]
[Round "5"]
[White "Brownscombe Tom (USA)"]
[Black "Del Pilar Reynaldo (USA)"]
[Result "0-1"]
[WhiteElo "2180"]
[BlackElo "2233"]

1.e4 c5 2.Nf3 d6 3.d4 cxd4 4.Nxd4 Nf6 5.Nc3 Nc6 6.Be2 e5 7.Nf3 h6 8.h3 Be7
9.Be3 a6 10.Qd2 b5 11.a3 Be6 12.O-O-O Rc8 13.Kb1 b4 14.Bxa6 bxc3 15.Qxc3 Nxe4
16.Qd3 Nf6 17.Bxc8 Qxc8 18.Qb5 O-O 19.g4 Qa8 20.Qe2 Rb8 21.Kc1 d5 22.g5 Bxa3
23.bxa3 Qxa3+ 24.Kd2 Qa5+ 25.Kc1 Ne4 {#R} 0-1

[Event "Ch Colombia (w)"]
[Site "masterchessopen.com – Cartagena (Colombia)"]
[Date "2007.06.19"]
[Round "11"]
[White "Mateus Martha (COL)"]
[Black "Paez Gina Milena (COL)"]
[Result "1-0"]
[WhiteElo "2163"]
[BlackElo "1977"]

1.e4 c5 2.Nf3 Nc6 3.d4 cxd4 4.Nxd4 Nf6 5.Nc3 d6 6.Be2 e5 7.Nf3 Be7 8.Bg5 Be6
9.Qd2 O-O 10.Rd1 Ne8 11.Bxe7 Qxe7 12.Nd5 Qd7 13.O-O h6 14.b4 Rd8 15.b5 Ne7
16.Nxe5 dxe5 17.Nxe7+ Kh8 18.Qxd7 Rxd7 19.Rxd7 Bxd7 20.Rd1 Be6 21.Rd8 g6 22.b6
a6 23.Bxa6 {#r} 1-0

[Event "It (open)"]
[Site "masterchessopen.com – Sort (Spain)"]
[Date "2007.06.25"]
[Round "1"]
[White "Menchon Lopez Ricardo (ESP)"]
[Black "Sareen Vishal (IND)"]
[Result "0-1"]
[WhiteElo "1535"]
[BlackElo "2380"]

1.e4 c5 2.Nf3 Nc6 3.Nc3 d6 4.d4 cxd4 5.Nxd4 Nf6 6.Be2 e5 7.Nf3 h6 8.h3 Be7
9.Be3 Be6 10.Qd2 d5 11.exd5 Nxd5 12.Nxd5 Qxd5 13.Qxd5 Bxd5 14.O-O O-O-O 15.c4
Be6 16.a3 e4 17.Nh2 Nd4 18.Bxd4 Rxd4 19.b3 Rd2 20.Rfe1 f5 21.Nf1 Rb2 22.b4 Bf6
23.Bh5 Bd4 24.Ne3 f4 25.Bg4 Bxg4 26.Nxg4 Re8 27.Rad1 Bc3 28.Rf1 h5 29.Nh2 e3
30.fxe3 fxe3 31.Rf7 e2 32.Rdd7 e1=Q+ {#R} 0-1

[Event "It (open)"]
[Site "masterchessopen.com – Gorges (France)"]
[Round "6"]
[White "Gayon Benoit (FRA)"]
[Black "Fretel Didier (FRA)"]
[Result "1-0"]
[WhiteElo "1981"]
[BlackElo "1793"]

1.e4 c5 2.Nf3 d6 3.d4 cxd4 4.Nxd4 Nf6 5.Nc3 Nc6 6.Be2 e5 7.Nf3 h6 8.O-O Be7
9.Re1 O-O 10.h3 Be6 11.Bf1 Nb8 12.b3 a6 13.Nd5 Nxd5 14.exd5 Bf5 15.c4 Nd7
16.Ba3 Qa5 17.Bb2 Rfe8 18.a3 Qc7 19.Bd3 Bxd3 20.Qxd3 Nc5 21.Qd1 e4 22.Nd4 Nd3
23.Rxe4 Nxb2 24.Qe2 Nxc4 25.bxc4 g6 26.Re1 Kf8 27.Qe3 h5 28.Qh6+ Kg8 29.Ne6
fxe6 30.Qxg6+ Kh8 31.Qxh5+ Kg7 32.Rg4+ Kf8 33.Qh8+ {#r} 1-0

[Event "Ch Austria (w)"]
[Site "masterchessopen.com – Tweng (Austria)"]
[Round "1"]
[White "Molnar Monika (AUT)"]
[Black "Kopinits Anna-Christina (AUT)"]
[Result "0-1"]
[WhiteElo "1956"]
[BlackElo "2178"]

1.e4 c5 2.Nf3 d6 3.d4 cxd4 4.Nxd4 Nf6 5.Nc3 Nc6 6.Be2 e5 7.Nf3 h6 8.O-O Be6
9.h3 Be7 10.Kh1 O-O 11.Be3 d5 12.exd5 Nxd5 13.Nxd5 Qxd5 14.c3 Qxd1 15.Rfxd1 f5
16.Bb5 f4 17.Bd2 e4 18.Bxc6 bxc6 19.Ne5 Bc5 20.Be1 e3 21.fxe3 Bxe3 22.Nxc6 f3
23.Bg3 Bc4 24.gxf3 Rxf3 25.Bd6 Rxh3+ 26.Kg2 Rh5 27.Ne5 Ba6 28.c4 Bb7+ 29.Kf1
Re8 30.Ng6 Bf3 {#R} 0-1

[Event "It (open)"]
[Site "masterchessopen.com – Szombathely (Hungary)"]
[Date "2007.08.18"]
[Round "1"]
[White "Doma Brigitta (HUN)"]
[Black "Tamas Milan (HUN)"]
[Result "0-1"]
[WhiteElo "1732"]
[BlackElo "2141"]

1.e4 c5 2.Nf3 Nc6 3.d4 cxd4 4.Nxd4 Nf6 5.Nc3 d6 6.Be2 e5 7.Nf3 h6 8.h3 Be6
9.O-O Be7 10.Re1 O-O 11.Bf1 Rc8 12.Nd5 Nb8 13.c4 Nxd5 14.exd5 Bf5 15.b3 Bg6
16.Bd3 f5 17.Bc2 Bh5 18.Qd2 Bxf3 19.gxf3 Bg5 20.Qe2 Bxc1 21.Raxc1 Qh4 22.Kh2
e4 23.Qe3 Rce8 24.Rg1 Nd7 25.Rg2 Ne5 26.Bd1 exf3 {#R} 0-1